[Event "TUR Cup										"]
[Site "Antalya"]
[Date "2018.01.30"]
[Round "6"]
[White "Gulesci, Kadri"]
[Black "Yenice, Yusuf Erkan"]
[Result "0-1"]
[WhiteElo "1869"]
[BlackElo "1521"]
[PlyCount "72"]
[EventDate "2018.01.27"]
[EventType "swiss"]
[EventRounds "11"]
[EventCountry "TUR"]
[SourceTitle "CBM 182 Extra"]
[Source "ChessBase"]
[SourceDate "2018.02.23"]
[SourceVersion "1"]
[SourceVersionDate "2018.02.23"]
[SourceQuality "1"]

1. d4 f5 2. Nf3 Nf6 3. c4 e6 4. Nc3 c6 5. d5 cxd5 6. cxd5 exd5 7. Nxd5 Qa5+ 8. Nc3 Ne4 9. a3 Nxc3 10. bxc3 Qxc3+ 11. Bd2 Qf6 12. Qc2 Qxa1+ 13. Bc1 Nc6 14. e4 Bxa3 15. Kd2 Qxc1+ 16. Qxc1 Bxc1+ 17. Kxc1 fxe4 18. Ng5 d5 19. Bb5 h6 20. Nh3 Bxh3 21. gxh3 0-0-0 22. Kd2 a6 23. Be2 g5 24. Rc1 Kb8 25. Rb1 Ka7 26. Ke1 Ne5 27. Rb3 Rhf8 28. Kf1 d4 29. Kg2 d3 30. Bd1 Rc8 31. h4 Rc1 32. Bh5 g4 33. Bxg4 Nxg4 34. f3 Rxf3 35. h3 Ne3+ 36. Kh2 Rc2+ 0-1